000 01410cam a2200433 a 4500
001 22963
003 SK-KTurca
005 20260513081744.0
008 260107s1996 xo oal frn 00100 slo
015 _aSNBA1996/05
020 _a8085261901
_q(viaz.)
035 _aSNK000161745
040 _aSNK
_bslo
_cSNK
_eAACR2
041 0 _aslo
044 _axo
_cSK
072 7 _a635
_xZáhradkárstvo
_2konspekt
080 _a635.92.047
_22011
080 _a712.3/.7
_22011
080 _a635.047
_22001
080 _a631.543
_22011
080 _a(084.11)
_22011
100 1 _aKrippelová, Terézia,
_d1922-2002
_4aut
_4pht
245 1 0 _aPozvanie do okrasnej záhrady
_c[text a foto Terézia Krippelová ; kresby Katarína Cigánová]
250 _a1. vyd.
260 _aBratislava
_bPerfekt
_c1996
300 _a199 strán
_bfarebné fotografie, farebné ilustrácie, tabuľky
_c31 cm
500 _aSlovník odborných výrazov na strane 193-195
504 _aRegister na strane 196-[200]
650 0 7 _aokrasné záhrady
_2SNKPH
650 0 7 _azáhradná architektúra
_2SNKPH
650 0 7 _azákladanie záhrad
_2SNKPH
650 0 7 _avýsadba
_2SNKPH
655 7 _afotografické publikácie
_2SNKPH
655 7 _amonografie
_2SNKPH
700 1 _aCigánová, Katarína,
_d1922-2006
_4ill
942 _2ddc
_cOLDO
_n0
999 _c22963
_d22963